000 00601nam a2200229Ia 4500
003 OSt
005 20220923212150.0
006 a|||||r|||| 00| 0
007 ta
008 220922b |||||||| |||| 00| 0 hin d
024 _a151,321
037 _cTextual
040 _aARTS
_cARTS
_bhin
041 _2hin
_ahin
082 _aMY6, 152K5
100 _aवैद्य, सुरेश
_9156290
245 0 _aजंगल की ओर
246 _aJangal kī ora
260 _c1965
942 _hMY6, 152K5
_cTEXL
_2CC
999 _c306994
_d306994